International Business : The Challenges of Global Competition (Record no. 1789)

MARC details
005 - DATE AND TIME OF LATEST TRANSACTION
control field 20250429171458.0
020 ## - INTERNATIONAL STANDARD BOOK NUMBER
International Standard Book Number 0-07-235676-6
082 ## - DEWEY DECIMAL CLASSIFICATION NUMBER
Classification number 658.18 BAL
100 ## - MAIN ENTRY--PERSONAL NAME
Author name BALL, D. A.
245 ## - TITLE STATEMENT
Title International Business : The Challenges of Global Competition
250 ## - EDITION STATEMENT
Edition statement 8th Ed
260 ## - PUBLICATION, DISTRIBUTION, ETC.
Place of publication, distribution, etc. New York,
Name of publisher, distributor, etc. McGraw-Hill,
Date of publication, distribution, etc. 2002.
300 ## - PHYSICAL DESCRIPTION
Extent Xxx, 767p.: ill.; figure, picture, table
Other physical details Bibliographical reference & Index
Dimensions 28cm.
700 ## - ADDED ENTRY--PERSONAL NAME
Other authors/Editors MCCULLLOCH, W. H. & FRANTZ, P. L. & GERINGERS, J. M. & MINOR, M. S.
856 ## - ELECTRONIC LOCATION AND ACCESS
Link text Access Online Book
Electronic name Business
Path www.mhhe.com
942 ## - ADDED ENTRY ELEMENTS (KOHA)
Source of classification or shelving scheme Dewey Decimal Classification
Koha item type Books
Holdings
Date last seen Total checkouts Full call number Barcode Price effective from Koha item type Lost status Source of classification or shelving scheme Damaged status Not for loan Withdrawn status Home library Current library Shelving location Date acquired Cost, normal purchase price
04/29/2025   658.18 BAL 0000006967 04/29/2025 Books   Dewey Decimal Classification       College of Business Education Main Library College of Business Education Main Library General Collection 01/19/2005 48000.00
04/29/2025   658.18 BAL 0000006968 04/29/2025 Books   Dewey Decimal Classification       College of Business Education Main Library College of Business Education Main Library General Collection 01/19/2005 48000.00
04/29/2025   658.18 BAL 0000006969 04/29/2025 Books   Dewey Decimal Classification       College of Business Education Main Library College of Business Education Main Library General Collection 01/19/2005 48000.00
04/29/2025   658.18 BAL 0000006970 04/29/2025 Books   Dewey Decimal Classification       College of Business Education Main Library College of Business Education Main Library General Collection 01/19/2005 48000.00
04/29/2025   658.18 BAL 0000006971 04/29/2025 Books   Dewey Decimal Classification       College of Business Education Main Library College of Business Education Main Library General Collection 01/19/2005 48000.00
04/29/2025   658.18 BAL 0000006972 04/29/2025 Books   Dewey Decimal Classification       College of Business Education Main Library College of Business Education Main Library General Collection 01/19/2005 48000.00
04/29/2025   658.18 BAL 0000006973 04/29/2025 Books   Dewey Decimal Classification       College of Business Education Main Library College of Business Education Main Library General Collection 01/19/2005 48000.00
04/29/2025   658.18 BAL 0000006974 04/29/2025 Books   Dewey Decimal Classification       College of Business Education Main Library College of Business Education Main Library General Collection 01/19/2005 48000.00